01058nam a22001217a 4500008004100000100002200041245009900063260002900162300003200191520060900223650007500832773002900907250722b ||||| |||| 00| 0 eng d aFlynn, Alexandra  aSocial control and homeless encampments: Shifting the role of shelters through judicial review aSocial & Legal Studies  a34(3), Jun, 2025: p.320-338 aIn Canadian cities, unaffordable housing and the lack of community supports have led to an increase in the number of encampments in public spaces. Municipal governments argue that short-term shelter spaces are a reasonable response to the ongoing, amplified housing crisis. However, shelters are an example of the many ‘every day’ regulatory approaches used by public officials in related to unhoused people referenced by Johnsen et al., do not provide legal tenure, and are often unsafe for people and their possessions.- Reproduced https://journals.sagepub.com/doi/full/10.1177/09646639241226477  aEncampments, Judicial review, Social control, Shelters, homelessness.  aSocial & Legal Studies